A Very Movie Preamble Quiz Stats

 Plays Quiz Updated Aug 1, 2018

Score 0/52 Timer 05:00
141 Plays Today
Movie Word % Correct
* * * * * * * * * * * *insure
100%
* * * * * * * * * * * *provide
99.8%
* * * * * * * * * * * *promote
99.8%
* * * * * * * * * * * *secure
99.8%
* * * * * * * * * * * *Posterity,
99.7%
* * * * * * * * * * * *ordain
99.7%
* * * * * * * * * * * *establish
99.7%
* * * * * * * * * * * *Constitution
99.7%
_____ Lion Kingthe
98.5%
Raiders of _____ Lost Arkthe
97.1%
Men _____ Blackin
96.8%
Back _____ the Futureto
96.5%
Avengers: Age _____ Ultronof
96%
_____ Bought a ZooWe
94.9%
12 Years _____ Slavea
93.2%
Ordinary ______people
92.6%
Harry Potter and the _____ of the PhoenixOrder
92.1%
Pitch _____perfect
90.9%
Gone With _____ Windthe
89.6%
Silence of _____ Lambsthe
88.4%
Beauty _____ the Beastand
87.6%
For a Few Dollars _____more
87.1%
Snow White _____ the Seven Dwarfsand
85.6%
Planet of _____ Apesthe
85.2%
All Quiet on _____ Western Frontthe
84.9%
Indiana Jones _____ the Last Crusadeand
84.3%
Movie Word % Correct
From Here _____ Eternityto
84%
Altered _____States,
83.9%
The Best Years of _____ Livesour
83.8%
_____ 93United
83.3%
Lawrence _____ Arabiaof
83.3%
Chariots _____ Fireof
82.6%
No Country _____ Old Menfor
82.2%
Captain _____: Civil WarAmerica.
82%
State of the _____Union,
79.6%
_____ is the Endthis
79.3%
That Thing You _____do
76.9%
A Man _____ All Seasonsfor
75.9%
The United _____ of LelandStates
73.5%
A _____ KingdomUnited
66.7%
Count Your _____blessings
64.9%
The Man Who Shot _____ ValanceLiberty
58.7%
Top of the _____form
56.8%
_____ LeagueJustice,
56%
Nothing in _____common
52.6%
_____ Disturbancedomestic
41%
Sea of _____Tranquility,
39.5%
How to Re-_____ a Vodka Empireestablish
38%
Gods and _____sgeneral
34.7%
_____ of the Realmdefence,
31.6%
_____ ChecksWelfare,
31%
_____ Aloneourselves
23.9%

You're not logged in!

Compare scores with friends on all Sporcle quizzes.
OR
Log In

Sporcle TV

Today on Sporcle TV


Watch our educational content, quiz creation guides, and fun videos on Sporcle TV.

Show Comments

Extras

Top Quizzes Today


Score Distribution

Your Account Isn't Verified!

In order to create a playlist on Sporcle, you need to verify the email address you used during registration. Go to your Sporcle Settings to finish the process.

Report this User

Report this user for behavior that violates our Community Guidelines.

Details: